آداب الطبيب (Record no. 8104)

MARC details
000 -LEADER
fixed length control field 00715nam a22001817a 4500
005 - DATE AND TIME OF LATEST TRANSACTION
control field 20251113114020.0
008 - FIXED-LENGTH DATA ELEMENTS--GENERAL INFORMATION
fixed length control field 251113b |||||||| |||| 00| 0 eng d
020 ## - INTERNATIONAL STANDARD BOOK NUMBER
International Standard Book Number N/A
040 ## - CATALOGING SOURCE
Transcribing agency .
082 ## - DEWEY DECIMAL CLASSIFICATION NUMBER
Classification number 610 R 933 1992
100 ## - MAIN ENTRY--PERSONAL NAME
Personal name الرهاوي ,اسحاق بن علي
245 ## - TITLE STATEMENT
Title آداب الطبيب
Remainder of title /
Statement of responsibility, etc. اسحاق بن علي الرهاوي
250 ## - EDITION STATEMENT
Edition statement 1 ط
260 ## - PUBLICATION, DISTRIBUTION, ETC.
Name of publisher, distributor, etc. السعودية , الرياض ,مركز الملك فيصل للبحوث و الدراسات الإسلامية ,1992
300 ## - PHYSICAL DESCRIPTION
Extent 355 ص
Dimensions 25 سم
650 ## - SUBJECT ADDED ENTRY--TOPICAL TERM
Geographic subdivision الطب العربي | الطب (مهنة) | علم الأمراض) | علم الأمراض | الأخلاق الطبية | العلاج
942 ## - ADDED ENTRY ELEMENTS (KOHA)
Source of classification or shelving scheme Dewey Decimal Classification
Koha item type Arabic Book
Suppress in OPAC No
Holdings
Withdrawn status Lost status Source of classification or shelving scheme Damaged status Not for loan Home library Current library Date acquired Total Checkouts Full call number Barcode Date last seen Copy number Price effective from Koha item type
    Dewey Decimal Classification     CENTRAL WOMEN 11/13/2025   610 R 933 1992 1000000016201 11/13/2025 C1 11/13/2025 Arabic Book